Visualizzazione normale
Vista MARC
- Pavolini Corrado
di Personal Name
Records bibliografici associati: 1
001 - CONTROL NUMBER
- control field: 1520
003 - CONTROL NUMBER IDENTIFIER
- control field: IT-RoPau
005 - DATE AND TIME OF LATEST TRANSACTION
- control field: 20131109104058.0
008 - FIXED-LENGTH DATA ELEMENTS
- fixed length control field: 131109|| aca||aabn | a|a d
040 ## - CATALOGING SOURCE
- Original cataloging agency: IT-RoPau
- Transcribing agency: IT-RoPau
100 ## - HEADING--PERSONAL NAME
- Personal name: Pavolini Corrado
- Relator term: Autore testo e musica
- Miscellaneous information: Codice autore testo/musica SPICS: 2797
670 ## - SOURCE DATA FOUND
- Source citation: Work cat.: (IT-RoPau)103177: Casella Alfredo 1516, Favola di Orfeo (La)-Op. 51